| 000 | 01597cam a2200397 a 4500 | ||
|---|---|---|---|
| 001 | freepigs00sanf | ||
| 003 | CaSfIA | ||
| 005 | 20210118084528.0 | ||
| 007 | cr|||| | ||
| 008 | 861010s1987 wiuag j 000 1 eng | ||
| 010 | _a 86063205 | ||
| 040 |
_aDLC _cDLC _dOCL _dBAKER _dBTCTA _dCaSfIA |
||
| 020 | _a0940273004 | ||
| 020 | _a9780940273009 | ||
| 035 | _a(OCoLC)19698085 | ||
| 042 | _alcac | ||
| 050 | 0 | 0 |
_aPZ7.S22498 _bFr 1987 |
| 050 | 0 | 0 | _aRYI 0218 |
| 082 | 0 | 0 |
_a[E] _220 |
| 100 | 1 | _aSanford, Monard G. | |
| 245 | 1 | 4 |
_aThe free pigs / _h[electronic resource] _cstory and music by Monard G. Sanford ; illustrated by Janice Skivington. |
| 250 | _a1st ed. | ||
| 260 |
_aArena, Wis. : _bMill Creek Enterprises, _cc1987. |
||
| 300 |
_a[59] p. : _bill. (chiefly col.), music ; _c22 x 28 cm. + _e1 sound cassette (49 min. : analog) |
||
| 650 | 1 |
_aPigs _vFiction. |
|
| 650 | 1 |
_aPigs _vSongs and music. |
|
| 650 | 1 | _aSongs. | |
| 700 | 1 |
_aSkivington, Janice, _eill. |
|
| 856 | 4 | 1 |
_uhttp://www.archive.org/details/freepigs00sanf _zFree eBook from the Internet Archive |
| 856 | 4 | 2 |
_uhttp://www.openlibrary.org/books/OL2744801M _zAdditional information and access via Open Library |
| 029 | 1 |
_aNZ1 _b4931623 |
|
| 029 | 1 |
_aAU@ _b000020780367 |
|
| 942 | _cEB | ||
| 506 | _fНеобхідна авторизація на https://archive.org/ (створення облікового запису безкоштовно) | ||
| 506 | _fНеобхідна авторизація на https://openlibrary.org/ (створення облікового запису безкоштовно) | ||
| 999 |
_c498801 _d498801 |
||